000 00492nam a2200181 4500
001 121564
003 ES-MaACL
005 20250826063143.0
007 t|
008 070214s1968 sp r ||||1| spa d
100 1 _aPlans, Juan José,
_d1943-2014
_992567
245 1 3 _aLa gran coronación /
_cJuan José Plans.
250 _a1ª ed.
260 _aOviedo :
_bGrandio,
_c1968.
300 _a160 p. ;
_c20 cm.
852 _aES-MaACL
_jC-35437
_bR.65966
999 _c121564
_d121564